Online Reservation System (Record no. 64706)

MARC details
000 -LEADER
fixed length control field 00425nam a22001577a 4500
082 ## - DEWEY DECIMAL CLASSIFICATION NUMBER
Classification number R/6IT15
100 ## - MAIN ENTRY--AUTHOR NAME
Personal name Arshad Ahmed
100 ## - MAIN ENTRY--AUTHOR NAME
Personal name Roll No. 15BS(IT)54
100 ## - MAIN ENTRY--AUTHOR NAME
Personal name Supervisor - Ghullam Hussain Jalbani
245 ## - TITLE STATEMENT
Title Online Reservation System
260 ## - PUBLICATION, DISTRIBUTION, ETC. (IMPRINT)
Place of publication Nawabshah
Name of publisher QUEST
Year of publication 2019
300 ## - PHYSICAL DESCRIPTION
Number of Pages 38p
700 ## - ADDED ENTRY--PERSONAL NAME
Personal name Mujeeb Ahmed (Roll No. 15BS(IT)50)
700 ## - ADDED ENTRY--PERSONAL NAME
Personal name Zahid Hussain (Roll No. 15BS(IT)19)
942 ## - ADDED ENTRY ELEMENTS (KOHA)
Koha item type Thesis and Dissertation
Holdings
Withdrawn status Lost status Home library Current library Date acquired Accession Number Koha item type
    Central Library, QUEST, Nawabshah Research Section 06/03/2019 ITP/14-130 Thesis and Dissertation